000 00539cam a22002053a 4500
001 41498
003 PGUSA
005 20140828083932.0
008 121127s2012||||xxu|||||s|||||000 | eng d
040 _aPGUSA
_beng
042 _adc
100 1 _aLewis, Dio
245 1 0 _aOur Girls
_h[electronic resource] /
_cDio Lewis
260 _bProject Gutenberg,
_c2012
506 _aPublic domain in the USA.
516 _aElectronic text
830 0 _aProject Gutenberg
_v41498
856 4 0 _uhttp://www.gutenberg.org/ebooks/41498
942 _cEB
999 _c270750
_d270750